| 000 | 01296nam a2200361 a 4500 | ||
|---|---|---|---|
| 003 | CHAP | ||
| 005 | 20231027105747.0 | ||
| 007 | ta | ||
| 008 | 230605s2001 mx ad||fr|||| 001 0 spa d | ||
| 020 | _a968-444-501-6 | ||
| 040 |
_amxchpua _cCHAP _erda |
||
| 050 | 1 | 0 |
_aQC532 _b.S47 2001 |
| 082 | 0 | 0 |
_a621.3 _bS47 2001 _220 |
| 100 | 1 |
_9187336 _aSerrano Domínguez, Víctor Gerardo _eautor |
|
| 245 | 1 | 0 |
_aElectricidad y magnetismo : _bestrategias para la resolución de problemas y aplicaciones / _cVíctor Gerardo Serrano Domínguez, Graciela García Arana y Carlos Gutiérrez Aranzeta |
| 250 | _a1a edición | ||
| 264 |
_aMéxico : _bPearson Educación, _c2001 |
||
| 300 |
_axvii, 545 páginas : _bilustraciones, diagramas, tablas, gráficas |
||
| 336 |
_2rdacontent _atexto _btxt |
||
| 337 |
_2rdamedia _asin medio _bn |
||
| 338 |
_2rdacarrier _avolumen _bnc |
||
| 504 | _aBibliografía: página 541 | ||
| 650 | 1 | 3 |
_9145396 _aElectricidad y magnetismo |
| 650 | 1 | 3 |
_969857 _aMagnetismo |
| 650 | 1 | 3 |
_936215 _aElectricidad |
| 650 | 1 | 3 |
_9187338 _aElectricity and magnetism |
| 650 | 1 | 3 |
_9187337 _aMagnetism |
| 650 | 1 | 3 |
_9150276 _aElectricity |
| 700 | 1 |
_9187341 _aGarcía Arana, Graciela _eautora |
|
| 700 | 0 |
_aGutiérrez Aranzeta, Carlos _eautor _951618 |
|
| 942 | _2ddc | ||
| 942 | _cLIBRO | ||
| 999 |
_c218896 _d218896 |
||